LDR 00727naa#a2200181#i#450# 001 EN\\bibl\126634 005 20260703165838.5 011 ## _a2587-6740 100 ## _a20260615b2026####ek#y0engy0150####ca 102 ## _aRU 200 1# _aTransformation of the agricultural sector of the Krasnodar territory in the new economic realities _eJournal article 210 1# _aMoscow _cElectronic science _d2026 215 ## _a6 с. 608 ## _aJournal article _2local 675 ## _aЭкономическое положение. Конъюнктура. Развитие хозяйственной структуры. Экономический рост. 338.1 _z 700 #1 _aBugakov _gIlya Alekseevich 700 #1 _aPolyakov _gMikhail Borisovich 856 4# _aqje.su _u